Creativity in teaching: invitations and instances.

Bibliographic Details
Main Author: Miel, Alice, 1906-
Format: Book
Language:English
Published: Belmont, Calif. : Wadsworth Pub. Co., [1961]
Subjects:

MARC

Tag First Indicator Second Indicator Subfields
LEADER 00000cam a2200000 4500
001 in00000064213
005 20151008051749.0
008 711202s1961 cau b 00000 eng u
010 |a  61013695  
035 |a (OCoLC)00177994 
035 |9 AAG9841AM 
040 |c WSU  |d TXA  |d UtOrBLW 
049 |a TXAM  |c [343914] 
050 0 |a LB1025  |b .M555 
092 |a 371.36  |b M631c, 1961 
100 1 |a Miel, Alice,  |d 1906- 
245 1 0 |a Creativity in teaching: invitations and instances. 
264 1 |a Belmont, Calif. :  |b Wadsworth Pub. Co.,  |c [1961] 
300 |a 300 pages 
336 |a text  |b txt  |2 rdacontent 
337 |a unmediated  |b n  |2 rdamedia 
338 |a volume  |b nc  |2 rdacarrier 
504 |a Includes bibliography. 
650 0 |a Teaching. 
650 0 |a Creation (Literary, artistic, etc.) 
999 |a MARS 
999 f f |s 39b76614-4f6c-3d1f-975b-00d724814ace  |i ab8ec973-6443-37a1-8389-7cd52b2e3318  |t 0 
952 f f |p normal  |a Texas A&M University  |b College Station  |c Sterling C. Evans Library  |d Evans: Library Stacks  |t 0  |e LB1025 .M555  |h Library of Congress classification  |i unmediated -- volume  |m A14800837080 
998 f f |a LB1025 .M555  |t 0  |l Evans: Library Stacks